000 00704nam a22001937a 4500
005 20230607105208.0
008 190404b sp ||||| |||| 00| 0 spa d
020 _a9788486883188
050 0 4 _aBL1130.A4
_bB43 1984
100 1 _aSwami Prabhupåada, A C Bhaktivedanta
245 1 3 _aBhagavad-gītā tal como es
_c/ traductor A C Bhaktivedanta Swami Prabhupåada
250 _a1a ed. completa
260 _aEspaña:
_bThe Bhaktivedanta Book Trust:
_c1984
300 _a895 p. :
_bil. ;
_c22 cm.
504 _aIncluye bibliografías, glosario e índices
650 4 _aHinduízmo
_xBases teológicas
_xFilosofía
700 _aA C Bhaktivedanta Swami Prabhupåada
_etraductor
942 _2lcc
_cLIB
999 _c148071
_d148069